[Event "Cto Esp Eq"]
[Site "?"]
[Date "2004.11.19"]
[Round "2"]
[White "Corral, Juan"]
[Black "Franco, Zenon"]
[Result "1/2-1/2"]
[WhiteElo "2446"]
[BlackElo "2526"]
[PlyCount "96"]
[EventDate "2004.11.19"]
[SourceDate "2004.11.19"]

1. c4 c6 2. e4 d5 3. exd5 cxd5 4. d4 Nf6 5. Nc3 e6 6. Nf3 Be7 7. cxd5 Nxd5 8.
Bd3 O-O 9. O-O Nc6 10. Re1 Bf6 11. Be4 Nce7 12. Ne5 Ng6 13. Bxd5 exd5 14. Nxg6
hxg6 15. Bf4 Be6 16. Be5 Rc8 17. Bxf6 Qxf6 18. Re5 Rc4 19. Qd2 Rfc8 20. a3 Qh4
21. Rd1 Bg4 22. f3 Be6 23. Qf2 Qd8 24. h4 Qb6 25. Rd2 f6 26. Ree2 Qd6 27. Qe1
Bd7 28. g4 Kf7 29. Kg2 Be6 30. Rd3 Qd7 31. Qg3 R8c6 32. Qf4 a6 33. Rde3 b5 34.
Na2 a5 35. Nc3 b4 36. axb4 Rxb4 37. Na2 Rbc4 38. Kg3 a4 39. Rc3 Rxc3 40. Nxc3
a3 41. Na2 axb2 42. Rxb2 Kg8 43. Rb8+ Kh7 44. Nb4 Rc4 45. Na6 Qa7 46. Nc5 Rxd4
47. Qd6 Qa1 48. Qxe6 Qg1+ 1/2-1/2

[Event "Cto Esp Eq"]
[Site "?"]
[Date "2004.11.19"]
[Round "2"]
[White "Lariño, David"]
[Black "Lezcano, Pedro"]
[Result "0-1"]
[WhiteElo "2307"]
[BlackElo "2391"]
[PlyCount "110"]
[EventDate "2004.11.19"]
[SourceDate "2004.11.19"]

1. e4 c6 2. d4 d5 3. e5 Bf5 4. h4 h5 5. c4 dxc4 6. Bxc4 e6 7. Nc3 Nd7 8. Nge2
Nb6 9. Bb3 Be7 10. g3 Qd7 11. Nf4 Bg4 12. f3 Bf5 13. Be3 Bb4 14. Nxh5 Rxh5 15.
g4 Rh7 16. gxf5 exf5 17. a3 Ba5 18. Qd3 Ne7 19. O-O-O Nbd5 20. Nxd5 Nxd5 21.
Bc2 g6 22. Bg5 Bd8 23. Bxd8 Qxd8 24. h5 Qe7 25. Qd2 O-O-O 26. hxg6 fxg6 27.
Rhg1 Rg7 28. Qh6 f4 29. Rxg6 Rxg6 30. Bxg6 Ne3 31. Rd2 Rxd4 32. Rxd4 Qc5+ 33.
Kb1 Qxd4 34. Qf8+ Kc7 35. Qf7+ Kb6 36. Qb3+ Kc7 37. e6 Qd6 38. Qa4 a6 39. Qe4
Qd1+ 40. Ka2 Qd5+ 41. Qxd5 Nxd5 42. Kb3 Kd6 43. Bf5 b5 44. Bg4 c5 45. Kc2 c4
46. Kd2 Nc7 47. Kc3 Nxe6 48. a4 Nc5 49. axb5 axb5 50. b4 Ne6 51. Bh5 Ke5 52.
Be8 Nc7 53. Bc6 Kd6 54. Bxb5 Nxb5+ 55. Kxc4 Kc6 0-1

[Event "Cto Esp Eq"]
[Site "?"]
[Date "2004.11.19"]
[Round "2"]
[White "Nielsen, P."]
[Black "Nijboer, F."]
[Result "1/2-1/2"]
[WhiteElo "2663"]
[BlackElo "2567"]
[PlyCount "117"]
[EventDate "2004.11.19"]
[SourceDate "2004.11.19"]

1. d4 Nf6 2. c4 g6 3. Nc3 Bg7 4. e4 d6 5. Nf3 O-O 6. Be2 e5 7. O-O Nc6 8. d5
Ne7 9. b4 Nh5 10. Re1 a5 11. bxa5 f5 12. Nd2 Nf6 13. c5 Rxa5 14. cxd6 cxd6 15.
a4 fxe4 16. Ndxe4 Nxe4 17. Nxe4 Bf5 18. f3 Kh8 19. Bb5 Bxe4 20. fxe4 Ng8 21.
Be3 Ra8 22. Kh1 h5 23. Be2 Bh6 24. Bg1 Nf6 25. Qd3 Rf7 26. Rf1 Qd7 27. a5 Raf8
28. a6 bxa6 29. Rxa6 Ng4 30. Bf3 Qd8 31. Rb1 Bf4 32. Bxg4 hxg4 33. g3 Bg5 34.
Qe2 Rf3 35. Rbb6 Be7 36. Rb7 R8f7 37. Raa7 Kg7 38. Kg2 Qe8 39. Rd7 Kh6 40. Kh1
Bg5 41. Rxf7 Rxf7 42. Qxg4 Rxa7 43. Bxa7 Qf7 44. h4 Qf1+ 45. Kh2 Bc1 46. Bg1
Bd2 47. Qh3 Qe1 48. Qg2 Be3 49. Bxe3+ Qxe3 50. Kh3 Kh5 51. Kh2 g5 52. hxg5 Kxg5
53. Kh3 Qd3 54. Qh1 Qe2 55. Qc1+ Kg6 56. Qc8 Qf1+ 57. Kh2 Qf2+ 58. Kh3 Qf1+ 59.
Kh2 1/2-1/2

[Event "Campeonato de España por Equipos de Divi"]
[Site "Ajedrez21.com"]
[Date "2004.11.20"]
[Round "3"]
[White "Nijboer, Friso"]
[Black "San Segundo, Pablo"]
[Result "1/2-1/2"]
[WhiteElo "2567"]
[BlackElo "2516"]
[PlyCount "91"]
[EventDate "2004.??.??"]

1. e4 e5 2. Nf3 Nc6 3. Bb5 Nf6 4. O-O Nxe4 5. d4 Nd6 6. Bxc6 dxc6 7. dxe5 Nf5
8. Qxd8+ Kxd8 9. Nc3 Bd7 10. Rd1 Kc8 11. Ng5 Be8 12. b3 b6 13. Bb2 Be7 14. Nge4
Kb7 15. Rd3 Rd8 16. Rxd8 Bxd8 17. Rd1 Kc8 18. Rd3 h5 19. g3 a5 20. f3 Bd7 21.
Kf2 Be7 22. Ne2 c5 23. c4 a4 24. N4c3 axb3 25. axb3 Bd8 26. Nb5 Bxb5 27. cxb5
Bg5 28. f4 Rd8 29. Rxd8+ Bxd8 30. Kf3 Kd7 31. h3 g6 32. g4 hxg4+ 33. hxg4 Ne7
34. Ke4 c6 35. Nc3 Bc7 36. Ba3 cxb5 37. Nxb5 Bb8 38. b4 cxb4 39. Bxb4 Nc6 40.
Bc3 Ke6 41. Be1 f5+ 42. exf6 Kxf6 43. Bf2 Ne7 44. Bxb6 Bxf4 45. Bd8 Bh2 46. Nd4
1/2-1/2

[Event "Campeonato de España por Equipos de Divi"]
[Site "Ajedrez21.com"]
[Date "2004.11.20"]
[Round "3"]
[White "Moreno Carnero, Javier"]
[Black "Suba, Mihai"]
[Result "1-0"]
[WhiteElo "2512"]
[BlackElo "2516"]
[PlyCount "125"]
[EventDate "2004.??.??"]

1. e4 c5 2. Nf3 e6 3. d4 cxd4 4. Nxd4 a6 5. Be2 Nf6 6. Nc3 d6 7. O-O Qc7 8. f4
Be7 9. Be3 O-O 10. g4 Nfd7 11. g5 Re8 12. Bd3 Bf8 13. Qh5 g6 14. Qh4 Nc6 15.
Rf3 Bg7 16. Nde2 Qd8 17. Rh3 h6 18. Rf1 Nf8 19. e5 d5 20. Bc5 h5 21. Ng3 Ne7
22. a4 Nf5 23. Nxf5 exf5 24. a5 Be6 25. Bb6 Qc8 26. Na4 Nd7 27. Qf2 Qc6 28. Ra1
Nxb6 29. axb6 d4 30. Qxd4 Rac8 31. Qf2 Red8 32. b3 Bf8 33. c4 Bb4 34. Re3 Bc5
35. Nxc5 Qxc5 36. Bf1 Qxb6 37. Rd3 Qb4 38. Rad1 Rxd3 39. Rxd3 b5 40. Qb6 Qe7
41. Rd6 bxc4 42. bxc4 a5 43. c5 Qc7 44. Qxc7 Rxc7 45. c6 Ra7 46. Rd4 Kf8 47.
Bb5 Ke7 48. Ba4 Ra8 49. Kf2 Rb8 50. h4 Rd8 51. Ke3 Rxd4 52. Kxd4 Kd8 53. Kc5
Kc7 54. Kb5 Bd5 55. Kxa5 Bxc6 56. Bb3 Be8 57. Bd5 Kd8 58. Kb6 Ke7 59. Bc6 Bxc6
60. Kxc6 Ke6 61. Kc5 Ke7 62. Kb6 Kd7 63. Kb7 1-0

[Event "Campeonato de España por Equipos de Divi"]
[Site "Ajedrez21.com"]
[Date "2004.11.20"]
[Round "3"]
[White "Comas, Lluis"]
[Black "Fernandez, Jose Luis"]
[Result "1-0"]
[WhiteElo "2509"]
[BlackElo "2479"]
[PlyCount "76"]
[EventDate "2004.??.??"]

1. d4 Nf6 2. c4 g6 3. Nc3 d5 4. cxd5 Nxd5 5. e4 Nxc3 6. bxc3 Bg7 7. Nf3 c5 8.
Rb1 O-O 9. Be2 b6 10. O-O Bb7 11. Qd3 Ba6 12. Qe3 Qc8 13. d5 Bxe2 14. Qxe2 Bxc3
15. e5 Rd8 16. Rb3 Bd4 17. Ng5 Qf5 18. Rf3 Qxe5 19. Qxe5 Bxe5 20. Nxf7 Nd7 21.
Re1 Bf6 22. Nxd8 Rxd8 23. Ra3 a5 24. Bf4 c4 25. Re6 c3 26. Kf1 g5 27. Be3 Nc5
28. Rxb6 Rxd5 29. Rxa5 c2 30. Rc6 Bd4 31. Bc1 Kf7 32. Rb5 Ke8 33. Rcxc5 Bxc5
34. Ke2 Rd1 35. Rxc5 Rxc1 36. g3 h6 37. Kd3 Rd1+ 38. Kxc2 Rh1 1-0

[Event "Campeonato de España por Equipos de Divi"]
[Site "Ajedrez21.com"]
[Date "2004.11.20"]
[Round "3"]
[White "Damljanovic, Branko"]
[Black "Giorgadze(MAR), Giorgi"]
[Result "1/2-1/2"]
[WhiteElo "2578"]
[BlackElo "2612"]
[PlyCount "40"]
[EventDate "2004.??.??"]

1. d4 d5 2. c4 e6 3. Nc3 c6 4. e3 Bd6 5. Nf3 f5 6. Bd3 Nf6 7. O-O O-O 8. b3 Ne4
9. Bb2 Nd7 10. Ne2 b6 11. Ne5 Bb7 12. f3 Nef6 13. cxd5 cxd5 14. Nf4 Qe7 15. h4
Rfc8 16. Qe2 Nf8 17. Qf2 Rc7 18. Rac1 Rac8 19. Rxc7 Rxc7 20. Qg3 N6d7 1/2-1/2

[Event "Campeonato de España por Equipos de Divi"]
[Site "Ajedrez21.com"]
[Date "2004.11.20"]
[Round "3"]
[White "Franco, Zenon"]
[Black "Glavina, Pablo"]
[Result "1-0"]
[WhiteElo "2526"]
[BlackElo "2458"]
[PlyCount "75"]
[EventDate "2004.??.??"]

1. d4 d5 2. c4 e6 3. Nc3 Nf6 4. cxd5 exd5 5. Bg5 Be7 6. e3 O-O 7. Qc2 c6 8. Bd3
Nbd7 9. Nf3 Re8 10. O-O Nf8 11. h3 g6 12. Ne5 N6d7 13. Bxe7 Qxe7 14. f4 Nxe5
15. fxe5 Be6 16. Rf3 Nd7 17. Raf1 Rf8 18. Qf2 Qg5 19. e4 a6 20. exd5 cxd5 21.
h4 Qh6 22. Rf4 Rae8 23. Qg3 Kh8 24. R1f3 Re7 25. Qf2 Rg8 26. Nd1 g5 27. hxg5
Rxg5 28. Rh4 Rh5 29. Rxh5 Qxh5 30. Ne3 Re8 31. Bf5 Qg5 32. Rg3 Qe7 33. Nxd5
Bxd5 34. Bxd7 Rg8 35. Bf5 f6 36. Rxg8+ Kxg8 37. exf6 Qc7 38. Qe3 1-0

[Event "Campeonato de España por Equipos de Divi"]
[Site "Ajedrez21.com"]
[Date "2004.11.20"]
[Round "3"]
[White "Baron, Jesus"]
[Black "Lariño, David"]
[Result "0-1"]
[WhiteElo "2432"]
[BlackElo "2307"]
[PlyCount "76"]
[EventDate "2004.??.??"]

1. e4 e6 2. d4 d5 3. Nc3 Bb4 4. exd5 exd5 5. Bd3 c5 6. dxc5 d4 7. a3 Ba5 8. b4
dxc3 9. bxa5 Qxa5 10. Nf3 Nc6 11. O-O Be6 12. Rb1 O-O-O 13. Ng5 Nf6 14. Nxe6
fxe6 15. Qe1 e5 16. Rb5 Qc7 17. Qxc3 Nd4 18. Rb2 Rd5 19. Be3 Rxc5 20. Qd2 Rd8
21. Rfb1 b6 22. f3 Rc3 23. a4 Nxc2 24. Ba6+ Kb8 25. Bxb6 axb6 26. Rxb6+ Ka7 27.
Rb7+ Kxa6 28. Rxc7 Rxd2 29. Rxc3 Nd5 30. Rc6+ Ka7 31. Rd6 Na3 32. Rd7+ Ka6 33.
Rc1 Rd4 34. Rxg7 Nc4 35. Rxh7 Nf4 36. Re1 Rd2 37. Rg7 Nd3 38. Re4 Rd1+ 0-1

[Event "Campeonato de España por Equipos de Divi"]
[Site "Ajedrez21.com"]
[Date "2004.11.20"]
[Round "3"]
[White "Chernin, Alexander"]
[Black "Perez Candelario, Manuel"]
[Result "1/2-1/2"]
[WhiteElo "2584"]
[BlackElo "2474"]
[PlyCount "39"]
[EventDate "2004.??.??"]

1. d4 d5 2. c4 c6 3. cxd5 cxd5 4. Nc3 Nc6 5. Nf3 Nf6 6. Bf4 a6 7. Rc1 Bf5 8. e3
Rc8 9. Be2 e6 10. O-O Nd7 11. a3 Be7 12. Nd2 O-O 13. b4 h6 14. Re1 Bg6 15. Bf1
Re8 16. Bg3 Bf8 17. Na4 a5 18. b5 Ne7 19. Qb3 Nf5 20. b6 1/2-1/2

[Event "Campeonato de España por Equipos de Divi"]
[Site "Ajedrez21.com"]
[Date "2004.11.20"]
[Round "3"]
[White "Khamrakulov, Ibragim"]
[Black "Corral Blanco, Juan"]
[Result "1-0"]
[WhiteElo "2500"]
[BlackElo "2446"]
[PlyCount "63"]
[EventDate "2004.??.??"]

1. e4 c5 2. c3 e6 3. Nf3 d5 4. exd5 Qxd5 5. Na3 Nf6 6. d4 Be7 7. Nb5 Na6 8. Be3
cxd4 9. Qxd4 b6 10. Bc4 Qxd4 11. Bxd4 O-O 12. a4 Bb7 13. a5 Rfc8 14. Ne5 Nc5
15. axb6 axb6 16. O-O Ncd7 17. Rxa8 Rxa8 18. Nxd7 Nxd7 19. Rd1 Bc6 20. b4 g6
21. f3 Nf6 22. Re1 Kf8 23. Nc7 Rc8 24. Bxb6 Bd6 25. Na6 Bd5 26. Bf1 Rxc3 27.
Bd4 Rb3 28. Bxf6 Bxb4 29. Rc1 Bb7 30. Nxb4 Rxb4 31. Rc7 h6 32. Be7+ 1-0

[Event "Campeonato de España por Equipos de Divi"]
[Site "Ajedrez21.com"]
[Date "2004.11.20"]
[Round "3"]
[White "Lezcano, Pedro"]
[Black "Carrasco, Juan Manuel"]
[Result "0-1"]
[WhiteElo "2391"]
[BlackElo "2408"]
[PlyCount "61"]
[EventDate "2004.??.??"]

1. c4 c6 2. d4 g6 3. Nc3 Bg7 4. e4 d6 5. Be3 Nf6 6. h3 Nbd7 7. Bd3 e5 8. d5 O-O
9. Nge2 a5 10. O-O cxd5 11. cxd5 Nc5 12. Rc1 Nxd3 13. Qxd3 Bd7 14. a4 Ne8 15.
Nb5 f5 16. exf5 gxf5 17. f4 Kh8 18. Qb3 Rg8 19. Na3 Nf6 20. Nb5 Ne4 21. Nec3
Qe7 22. Nxe4 exf4 23. Bxf4 Qxe4 24. Qf3 Bxb5 25. axb5 Bxb2 26. Rce1 Qxf3 27.
Rxf3 a4 28. Bxd6 a3 29. Bxa3 Rxa3 30. Rxf5 Rxh3 31. Rf7 0-1

[Event "Campeonato de España por Equipos de Divi"]
[Site "Ajedrez21.com"]
[Date "2004.11.20"]
[Round "3"]
[White "Bologan, Viktor"]
[Black "Lautier, Joel"]
[Result "1/2-1/2"]
[WhiteElo "2669"]
[BlackElo "2682"]
[PlyCount "79"]
[EventDate "2004.??.??"]

1. d4 Nf6 2. c4 e6 3. Nf3 d5 4. Nc3 Bb4 5. Bg5 Nbd7 6. cxd5 exd5 7. e3 c5 8.
Bd3 c4 9. Bf5 Qa5 10. Qc2 O-O 11. O-O Re8 12. Nd2 g6 13. Bh3 Bxc3 14. Qxc3 Qxc3
15. bxc3 Ne4 16. Nxe4 dxe4 17. Rfb1 Nb6 18. Rb5 f5 19. g4 Bd7 20. Rb4 fxg4 21.
Bf1 Ba4 22. Rab1 Rac8 23. Be2 Bd7 24. Rxb6 axb6 25. Rxb6 Be6 26. Rb5 Rf8 27.
Bf4 Rfd8 28. Rxb7 Ra8 29. Rb4 Rxa2 30. Bxc4 Bxc4 31. Rxc4 Rda8 32. Bd6 h5 33.
Kg2 R8a5 34. Rc8+ Kf7 35. Rf8+ Kg7 36. c4 Rf5 37. Rxf5 gxf5 38. Bg3 Rc2 39. c5
Kf7 40. h4 1/2-1/2

[Event "Campeonato de España por Equipos de Divi"]
[Site "Ajedrez21.com"]
[Date "2004.11.20"]
[Round "3"]
[White "Malakhov, Vladimir"]
[Black "Pelletier, Yannick"]
[Result "1/2-1/2"]
[WhiteElo "2664"]
[BlackElo "2589"]
[PlyCount "104"]
[EventDate "2004.??.??"]

1. Nf3 Nf6 2. c4 e6 3. Nc3 c5 4. g3 b6 5. Bg2 Bb7 6. O-O Be7 7. b3 d6 8. Bb2
O-O 9. e3 Nbd7 10. Qe2 a6 11. Rfd1 Re8 12. e4 Qc7 13. d4 cxd4 14. Nxd4 Bf8 15.
Re1 g6 16. Rad1 Rac8 17. h3 Qb8 18. Nc2 Red8 19. Rd2 Bh6 20. Ne3 Bg7 21. Qd1
Nc5 22. Qa1 Ne8 23. Nc2 h5 24. Nd4 Bh6 25. Rdd1 Ba8 26. Qb1 Bg7 27. Qc1 Nc7 28.
Qe3 b5 29. cxb5 axb5 30. b4 Nd7 31. Bf1 Ne5 32. Ncxb5 Nxb5 33. Nxb5 Nc4 34.
Bxc4 Rxc4 35. Bxg7 Kxg7 36. a4 Rxe4 37. Qc3+ Kg8 38. Rxe4 Bxe4 39. Qc7 d5 40.
a5 Rc8 41. Qxb8 Rxb8 42. Nc3 Rxb4 43. a6 Bf3 44. Rd3 d4 45. Rxf3 dxc3 46. Rxc3
Ra4 47. Rc6 Kg7 48. h4 Kf6 49. Kg2 Ra3 50. Rb6 g5 51. hxg5+ Kxg5 52. Rb7 Rxa6
1/2-1/2

[Event "Campeonato de España por Equipos de Divi"]
[Site "Ajedrez21.com"]
[Date "2004.11.20"]
[Round "3"]
[White "Lacasa, Jose Antonio"]
[Black "Fressinet, Laurent"]
[Result "0-1"]
[WhiteElo "2431"]
[BlackElo "2640"]
[PlyCount "92"]
[EventDate "2004.??.??"]

1. e4 e5 2. Nf3 Nc6 3. Bb5 a6 4. Bxc6 dxc6 5. O-O Bg4 6. h3 h5 7. d3 Qf6 8. Be3
Bxf3 9. Qxf3 Qxf3 10. gxf3 Bd6 11. Nd2 Ne7 12. Nc4 Ng6 13. Rfd1 Ke7 14. c3 c5
15. Kf1 Rhd8 16. Ke2 Nf8 17. Nxd6 cxd6 18. f4 exf4 19. Bxf4 Ne6 20. Be3 g6 21.
Rg1 d5 22. f3 Rd6 23. b3 a5 24. f4 d4 25. cxd4 Nxd4+ 26. Bxd4 Rxd4 27. Rac1
Rad8 28. Rgd1 b6 29. Rc4 Ke6 30. Rxd4 Rxd4 31. Ke3 a4 32. bxa4 Rxa4 33. Rb1 Ra6
34. Rb2 Kd6 35. Rf2 Ra3 36. Rb2 Kc6 37. Rc2 b5 38. Ke2 Kb6 39. h4 Ra4 40. Ke3
Kc6 41. Kf3 c4 42. dxc4 bxc4 43. e5 Kc5 44. f5 gxf5 45. Kf4 c3+ 46. Kxf5 Kd4
0-1

[Event "Campeonato de España por Equipos de Divi"]
[Site "Ajedrez21.com"]
[Date "2004.11.20"]
[Round "3"]
[White "Tiviakov, Sergei"]
[Black "Rahal, Michael"]
[Result "1/2-1/2"]
[WhiteElo "2617"]
[BlackElo "2416"]
[PlyCount "95"]
[EventDate "2004.??.??"]

1. e4 e6 2. d4 d5 3. Nd2 Nf6 4. e5 Nfd7 5. c3 c5 6. Bd3 Nc6 7. Ne2 cxd4 8. cxd4
f6 9. exf6 Nxf6 10. O-O Bd6 11. Nf3 O-O 12. Bf4 Bxf4 13. Nxf4 Ne4 14. Qc1 Ng5
15. Nxg5 Qxg5 16. Ne2 Qxc1 17. Raxc1 a6 18. Rfe1 Bd7 19. f3 Rac8 20. Bb1 Na7
21. Rcd1 Nb5 22. Kf2 Rc7 23. Nc1 Rfc8 24. Nd3 Nxd4 25. Ne5 Nc6 26. Nxd7 Rxd7
27. Rxe6 Kf7 28. Re2 Rcd8 29. h4 Kf6 30. g4 h6 31. f4 g5 32. fxg5+ hxg5 33. h5
d4 34. Kg3 d3 35. Re3 d2 36. h6 Rd4 37. Be4 Ne5 38. b3 Ng6 39. Bxb7 Nf4 40. h7
Rh8 41. Be4 Kg7 42. Bf5 Rhd8 43. Kf2 Kh8 44. Kf3 a5 45. Re4 Rd3+ 46. Re3 R3d4
47. Re4 Rd3+ 48. Re3 1/2-1/2

[Event "Campeonato de España por Equipos de Divi"]
[Site "Ajedrez21.com"]
[Date "2004.11.20"]
[Round "3"]
[White "Moiseenko, Alexander"]
[Black "Jerez, Alfonso"]
[Result "1-0"]
[WhiteElo "2653"]
[BlackElo "2434"]
[PlyCount "95"]
[EventDate "2004.??.??"]

1. d4 Nf6 2. c4 g6 3. Nc3 d5 4. Bg5 Ne4 5. Bh4 Nxc3 6. bxc3 dxc4 7. e3 Be6 8.
Rb1 b6 9. Nf3 Bg7 10. Be2 c6 11. O-O O-O 12. e4 b5 13. Ng5 Bc8 14. f4 Nd7 15.
f5 h6 16. Nf3 Nf6 17. Qc2 a6 18. Ne5 c5 19. fxg6 fxg6 20. d5 g5 21. Bf2 Qc7 22.
Bg3 Qd8 23. Ng6 Re8 24. a4 Bd7 25. h3 Qa5 26. Ra1 Qb6 27. a5 Qd8 28. Bf3 Ra7
29. Kh2 e6 30. d6 Bc6 31. Rad1 Ba8 32. e5 Nd5 33. Bxd5 Bxd5 34. Qf2 Qa8 35.
Ne7+ Rexe7 36. dxe7 Rxe7 37. Qxc5 Rd7 38. Rd2 Qa7 39. Rxd5 exd5 40. Qc8+ Kh7
41. e6 Re7 42. Bd6 Qe3 43. Bxe7 Be5+ 44. Kh1 Qg3 45. Rf7+ Kg6 46. Kg1 Qh2+ 47.
Kf1 Qh1+ 48. Kf2 1-0

[Event "Campeonato de España por Equipos de Divi"]
[Site "Ajedrez21.com"]
[Date "2004.11.20"]
[Round "3"]
[White "Granados, Manuel"]
[Black "Arizmendi, Julen"]
[Result "1/2-1/2"]
[WhiteElo "2425"]
[BlackElo "2531"]
[PlyCount "42"]
[EventDate "2004.??.??"]

1. d4 e6 2. Nf3 Nf6 3. Bg5 c5 4. e3 d5 5. Nbd2 Nbd7 6. c3 Qc7 7. Bf4 Bd6 8.
Bxd6 Qxd6 9. Bd3 O-O 10. O-O e5 11. dxe5 Nxe5 12. Nxe5 Qxe5 13. Qf3 Re8 14. Qg3
Qxg3 15. hxg3 Bd7 16. a4 Rad8 17. Bb5 Re7 18. Bxd7 Rexd7 19. Nf3 Ne4 20. Rfd1
f6 21. Kf1 Kf7 1/2-1/2

[Event "Cam. España por Eq.Div. de Honor R.4(Val"]
[Site "Ajedrez21.com"]
[Date "2004.11.21"]
[Round "4"]
[White "Nijboer, Friso"]
[Black "Marin, Mihail"]
[Result "0-1"]
[WhiteElo "2567"]
[BlackElo "2511"]
[PlyCount "80"]
[EventDate "2004.??.??"]

1. e4 e5 2. Nf3 Nc6 3. Bb5 a6 4. Ba4 Nf6 5. O-O Be7 6. Re1 b5 7. Bb3 d6 8. c3
O-O 9. h3 Na5 10. Bc2 c5 11. d4 Qc7 12. Nbd2 cxd4 13. cxd4 Bb7 14. d5 Rac8 15.
Bd3 Nd7 16. Nf1 f5 17. Ne3 f4 18. Nc2 Nc5 19. Nb4 Bd8 20. b3 g5 21. Bf1 Qg7 22.
Nc2 Qg6 23. Nd2 h5 24. Be2 g4 25. hxg4 hxg4 26. Bxg4 Nd3 27. Qf3 Rc3 28. Rf1
Bb6 29. Bf5 Qg5 30. Nb1 Ne1 31. Nxe1 Rxf3 32. Nxf3 Qh5 33. Nc3 Bc8 34. Bxc8
Rxc8 35. Bd2 Kf7 36. Rfd1 Rh8 37. Kf1 Qh1+ 38. Ke2 Qxg2 39. Be1 Rh3 40. Rd3 Be3
0-1

[Event "Cam. España por Eq.Div. de Honor R.4(Val"]
[Site "Ajedrez21.com"]
[Date "2004.11.21"]
[Round "4"]
[White "Narciso, Marc"]
[Black "Romero, Alfonso"]
[Result "0-1"]
[WhiteElo "2487"]
[BlackElo "2514"]
[PlyCount "68"]
[EventDate "2004.??.??"]

1. d4 Nf6 2. c4 g6 3. Nc3 Bg7 4. e4 d6 5. Nge2 O-O 6. Ng3 a6 7. Be2 c6 8. O-O
Nbd7 9. Be3 b5 10. cxb5 axb5 11. b4 Nb6 12. a4 bxa4 13. Nxa4 Ng4 14. Bxg4 Bxg4
15. Qxg4 Nxa4 16. Rac1 Qc8 17. Qh4 Qb7 18. Bh6 Bxh6 19. Qxh6 Qxb4 20. Rfd1 Nb2
21. Rd2 Ra3 22. Nf5 gxf5 23. Qg5+ Kh8 24. Qxe7 Rfa8 25. Qf6+ Kg8 26. Qg5+ Kf8
27. exf5 Ra1 28. g3 Rxc1+ 29. Kg2 Qb5 30. d5 Qf1+ 31. Kf3 Rc3+ 32. Kg4 Ra4+ 33.
f4 Rxf4+ 34. Qxf4 Rc4 0-1

[Event "Cam. España por Eq.Div. de Honor R.4(Val"]
[Site "Ajedrez21.com"]
[Date "2004.11.21"]
[Round "4"]
[White "Comas, Lluis"]
[Black "Jerez (Fom), Alfonso"]
[Result "1/2-1/2"]
[WhiteElo "2509"]
[BlackElo "2434"]
[PlyCount "47"]
[EventDate "2004.??.??"]

1. d4 Nf6 2. c4 g6 3. Nc3 d5 4. cxd5 Nxd5 5. e4 Nxc3 6. bxc3 Bg7 7. Nf3 c5 8.
Rb1 O-O 9. Be2 cxd4 10. cxd4 Qa5+ 11. Bd2 Qxa2 12. O-O Bg4 13. Be3 Nc6 14. d5
Na5 15. Bg5 Qa3 16. Re1 Bxf3 17. Bxf3 Qd6 18. Qe2 Be5 19. Kh1 b6 20. Bg4 Rfe8
21. Qe3 Nc4 22. Qe2 Na5 23. Bd2 Nb7 24. f4 1/2-1/2

[Event "Cam. España por Eq.Div. de Honor R.4(Val"]
[Site "Ajedrez21.com"]
[Date "2004.11.21"]
[Round "4"]
[White "Granados, Manuel"]
[Black "Del Rio, Salvador"]
[Result "0-1"]
[WhiteElo "2425"]
[BlackElo "2491"]
[PlyCount "70"]
[EventDate "2004.??.??"]

1. d4 e6 2. Nf3 Nf6 3. e3 b6 4. Bd3 c5 5. O-O Bb7 6. b3 Be7 7. Bb2 O-O 8. c4
cxd4 9. exd4 d5 10. Nbd2 Nc6 11. a3 Re8 12. Re1 Bf8 13. Qc2 Rc8 14. c5 bxc5 15.
dxc5 a5 16. Rac1 e5 17. Bf5 Rc7 18. Nxe5 Nxe5 19. Rxe5 Rxe5 20. Bxe5 Rxc5 21.
Qb1 Ne4 22. Rd1 Qg5 23. Bxe4 dxe4 24. Bd4 e3 25. Ne4 exf2+ 26. Bxf2 Qg6 27. Ng3
Qc6 28. Qe4 Rc1 29. Rxc1 Qxc1+ 30. Qe1 Qc6 31. Qf1 Bxa3 32. Bd4 Qd5 33. Qf2
Qxb3 34. h3 Bd6 35. Nf5 Qb1+ 0-1

[Event "Cam. España por Eq.Div. de Honor R.4(Val"]
[Site "Ajedrez21.com"]
[Date "2004.11.21"]
[Round "4"]
[White "Sokolov, Iván"]
[Black "Vallejo, Francisco"]
[Result "1/2-1/2"]
[WhiteElo "2663"]
[BlackElo "2678"]
[PlyCount "26"]
[EventDate "2004.??.??"]

1. d4 d6 2. Nf3 g6 3. c4 Bg7 4. Nc3 e5 5. e4 Nc6 6. Bg5 f6 7. Be3 Nh6 8. h3 Nf7
9. c5 dxc5 10. dxe5 Nfxe5 11. Bxc5 Qxd1+ 12. Rxd1 Bd7 13. Be2 O-O-O 1/2-1/2

[Event "Cam. España por Eq.Div. de Honor R.4(Val"]
[Site "Ajedrez21.com"]
[Date "2004.11.21"]
[Round "4"]
[White "Nielsen, Peter"]
[Black "Lautier, Joel"]
[Result "0-1"]
[WhiteElo "2663"]
[BlackElo "2682"]
[PlyCount "66"]
[EventDate "2004.??.??"]

1. d4 Nf6 2. c4 e6 3. g3 c5 4. Nf3 cxd4 5. Nxd4 Nc6 6. Bg2 Qb6 7. Nb3 Ne5 8. c5
Bxc5 9. Nxc5 Qxc5 10. O-O O-O 11. b3 Nc6 12. Ba3 Nb4 13. Nc3 d5 14. Rc1 Qe7 15.
e4 dxe4 16. Nxe4 a5 17. Qe2 Nfd5 18. Nc3 Qf6 19. Nxd5 exd5 20. Bxb4 axb4 21.
Bxd5 Ra5 22. Rfd1 h5 23. Rd2 Bg4 24. Qe3 Bh3 25. Qf3 Qg5 26. Rcc2 Qe5 27. Rc1
Qg5 28. Rcc2 Rc5 29. Bc4 Qe5 30. Bf1 Rxc2 31. Rxc2 Qa1 32. Qe2 Rd8 33. Rc4 Rd1
0-1

[Event "Cam. España por Eq.Div. de Honor R.4(Val"]
[Site "Ajedrez21.com"]
[Date "2004.11.21"]
[Round "4"]
[White "Malakhov, Vladimir"]
[Black "Moiseenko, Alexander"]
[Result "1-0"]
[WhiteElo "2664"]
[BlackElo "2653"]
[PlyCount "111"]
[EventDate "2004.??.??"]

1. e4 c5 2. Nf3 Nc6 3. Bb5 e6 4. Bxc6 bxc6 5. d3 Qc7 6. O-O d6 7. c3 Nf6 8. Re1
Be7 9. e5 dxe5 10. Nxe5 O-O 11. c4 Bd6 12. Qe2 Rd8 13. f4 Ne8 14. Qe3 f6 15.
Nf3 Bf8 16. Nc3 Nd6 17. Nh4 Qd7 18. Qf2 Nf7 19. Re3 Rb8 20. Rg3 f5 21. Na4 Be7
22. Re3 Bf6 23. Nf3 Qd6 24. Rb1 Bd4 25. g3 Rb4 26. b3 Bxe3 27. Qxe3 Qxd3 28.
Qxd3 Rxd3 29. Kf2 Rd1 30. Nxc5 Rb8 31. Ke2 Rh1 32. Nd3 Ba6 33. Ra1 e5 34. fxe5
Re8 35. Nf2 Rxc1 36. Rxc1 Nxe5 37. Nxe5 Rxe5+ 38. Kf3 c5 39. Nd3 Bb7+ 40. Kf2
Re7 41. Nxc5 Bc6 42. b4 Kf7 43. b5 Ba8 44. a4 Rc7 45. Na6 Rd7 46. c5 Be4 47. c6
Rd2+ 48. Ke3 Rd3+ 49. Ke2 Ra3 50. c7 Bb7 51. c8=Q Bxc8 52. Rxc8 Rxa4 53. Rc7+
Kf6 54. Rxa7 Ra2+ 55. Kd3 Rb2 56. Kc4 1-0

[Event "Cam. España por Eq.Div. de Honor R.4(Val"]
[Site "Ajedrez21.com"]
[Date "2004.11.21"]
[Round "4"]
[White "Arizmendi, Julen"]
[Black "Fressinet, Laurent"]
[Result "1/2-1/2"]
[WhiteElo "2531"]
[BlackElo "2640"]
[PlyCount "36"]
[EventDate "2004.??.??"]

1. e4 e5 2. Nf3 Nc6 3. Bb5 a6 4. Ba4 Nf6 5. O-O Be7 6. Re1 b5 7. Bb3 O-O 8. c3
d5 9. d4 exd4 10. e5 Ne4 11. cxd4 Bf5 12. Nc3 Nxc3 13. bxc3 Na5 14. Bc2 Qd7 15.
Bg5 Ba3 16. Bc1 Be7 17. Bg5 Ba3 18. Bc1 Be7 1/2-1/2

[Event "Cam. España por Eq.Div. de Honor R.4(Val"]
[Site "Ajedrez21.com"]
[Date "2004.11.21"]
[Round "4"]
[White "Pelletier, Yannick"]
[Black "Chernin, Alexander"]
[Result "1/2-1/2"]
[WhiteElo "2589"]
[BlackElo "2584"]
[PlyCount "94"]
[EventDate "2004.??.??"]

1. c4 e5 2. Nc3 Nf6 3. Nf3 Nc6 4. g3 Bb4 5. Bg2 O-O 6. O-O d6 7. Nd5 Bc5 8. d3
Nxd5 9. cxd5 Nd4 10. Nd2 Bg4 11. Re1 f5 12. b4 Bb6 13. Nc4 f4 14. Nxb6 axb6 15.
h3 Bxe2 16. Rxe2 f3 17. Re4 fxg2 18. Bb2 Nf3+ 19. Kxg2 Qd7 20. Re3 Ng5 21. h4
Qh3+ 22. Kg1 Nf7 23. Qe2 Nh6 24. Re4 Rf7 25. Bc1 Nf5 26. Be3 Ne7 27. d4 Nxd5
28. dxe5 Nc3 29. Qg4 Qxg4 30. Rxg4 dxe5 31. Bd2 Nb5 32. Re4 Re7 33. Bf4 Rae8
34. Rae1 Nd4 35. Kg2 Nc6 36. Bg5 Re6 37. Rc1 h6 38. Be3 b5 39. Rc5 b6 40. Rxb5
Ra8 41. Rd5 Rxa2 42. b5 Ne7 43. Rdxe5 Rxe5 44. Rxe5 Kf7 45. Bf4 Ng6 46. Re4 Rc2
47. h5 Nxf4+ 1/2-1/2